00419nam a2200121Ia 45000010005000000080041000050820022000461000061000682450098001292600028002279010027002559990015002823048241024s9999 xx 000 0 und d aRD/618.07/R426g/1 aRepública Dominicana.Ministerio de Educación. MINERD 0aGuía de Monitoreo y acompañamiento en las diferentes instancias de desarrolo del proyecto b[*SIN EDITORIAL*]c2013 a23/7/2013 9:13:36 a.m. c8056d8056